Sports Quiz

Random Sports or Baseball Quiz
Score 0/150 Timer 15:00
1 Play Today
Hint Answer % Correct
2013Miguel Cabrera
99.5%
2012Miguel Cabrera
99.5%
2012Miguel Cabrera
99.5%
2012Miguel Cabrera
99.5%
2011Miguel Cabrera
99.5%
2010Miguel Cabrera
99.5%
2008Miguel Cabrera
99.5%
2007Alex Rodriguez
98.2%
2007Alex Rodriguez
98.2%
2005Alex Rodriguez
98.2%
2003Alex Rodriguez
98.2%
2002Alex Rodriguez
98.2%
2002Alex Rodriguez
98.2%
2001Alex Rodriguez
98.2%
1996Alex Rodriguez
98.2%
2009Ryan Howard
97.7%
2013Chris Davis
97.6%
2013Chris Davis
97.6%
2009Joe Mauer
97%
2008Joe Mauer
97%
2006Joe Mauer
97%
2010Albert Pujols
97%
2010Albert Pujols
97%
2009Albert Pujols
97%
2003Albert Pujols
97%
1991Jose Canseco
96.9%
2006David Ortiz
96.8%
2006David Ortiz
96.8%
2005David Ortiz
96.8%
2004Barry Bonds
96.8%
2002Barry Bonds
96.8%
2001Barry Bonds
96.8%
1993Barry Bonds
96.8%
1993Barry Bonds
96.8%
2010Carlos Gonzalez
96.5%
2008Chipper Jones
96.5%
2005Andruw Jones
96.5%
2005Andruw Jones
96.5%
2002Sammy sosa
96.5%
2001Sammy Sosa
96.5%
2000Sammy Sosa
96.5%
1998Sammy Sosa
96.5%
1998Juan Gonzalez
96.4%
1993Juan Gonzalez
96.4%
1992Juan Gonzalez
96.4%
2011Jose Bautista
96.3%
2010Jose Bautista
96.3%
2007Prince Fielder
96.3%
2008Ryan Howard
96.3%
2008Ryan Howard
96.3%
Hint Answer % Correct
2006Ryan Howard
96.3%
2006Ryan Howard
96.3%
1992Cecil Fielder
96.3%
1990Cecil Fielder
96.3%
1990Cecil Fielder
96.3%
2009Hanley Ramirez
96.2%
2004Manny Ramirez
96.2%
2002Manny Ramirez
96.2%
1999Manny Ramirez
96.2%
1991Cecil Fielder
96.2%
2000Todd Helton
96%
2000Todd Helton
96%
1999Mark McGwire
95.7%
1999Mark McGwire
95.7%
1998Mark McGwire
95.7%
1996Mark McGwire
95.7%
2012Ryan Braun
95.7%
2004Ichiro Suzuki
95.4%
2001Ichiro Suzuki
95.4%
1999Ken Griffey Jr.
95.3%
1998Ken Griffey Jr.
95.3%
1997Ken Griffey Jr.
95.3%
1997Ken Griffey Jr.
95.3%
1994Ken Griffey Jr.
95.3%
2010Josh Hamilton
93.7%
2008Josh Hamilton
93.7%
2001Larry Walker
93.5%
1999Larry Walker
93.5%
1998Larry Walker
93.5%
1997Tony Gwynn
93.5%
1997Larry Walker
93.5%
1996Tony Gwynn
93.5%
1995Tony Gwynn
93.5%
1994Tony Gwynn
93.5%
1989Tony Gwynn
93.5%
2000Edgar Martinez
93.2%
1995Edgar Martinez
93.2%
1992Edgar Martinez
93.2%
2009Carlos Pena
92.5%
1995Mo Vaughn
91.4%
2012Buster Posey
91.1%
2011Matt Kemp
90.4%
2011Matt Kemp
90.4%
1996Albert Belle
89.4%
1995Albert Belle
89.4%
1993Albert Belle
89.4%
2000Nomar Garciaparra
89%
1999Nomar Garciaparra
89%
2009Mark Teixeira
88.6%
2013Paul Goldschmidt
88.3%
Hint Answer % Correct
1994Jeff Bagwell
88.1%
1994Matt Williams
87.9%
1990Matt Williams
87.9%
1989Kirby Puckett
87.8%
1998Bernie Williams
87.8%
1997Frank Thomas
87.8%
1994Kirby Puckett
87.8%
2013Paul Goldschmidt
87.4%
1990George Brett
86.6%
2004Adrian Beltre
86%
2011Jose Reyes
84%
1997Andres Galarraga
83.9%
1996Andres Galarraga
83.9%
1996Andres Galarraga
83.9%
1993Andres Galarraga
83.9%
2003Jim Thome
83.7%
2005Michael Young
82.6%
2003Carlos Delgado
82.5%
2000Troy Glaus
81.8%
2002Lance Berkman
81.7%
2005Derrek Lee
81.4%
1995Dante Bichette
80.9%
1995Dante Bichette
80.9%
2007Magglio Ordonez
78.7%
2011Curtis Granderson
77.9%
2007Matt Holliday
77.2%
2007Matt Holliday
77.2%
1989Kevin Mitchell
73.2%
1989Kevin Mitchell
73.2%
1990Ryne Sandberg
72.4%
2004Miguel Tejada
72.1%
2001Bret Boone
71.6%
2004Vinny Castilla
70.5%
1993John Olerud
69.7%
1991Howard Johnson
68.4%
1991Howard Johnson
68.4%
1994Paul O'Neill
67.9%
2012Chase Headley
64%
1991Terry Pendleton
61.6%
1992Fred McGriff
59.6%
1989Fred McGriff
59.6%
2003Bill Mueller
59.1%
2006Freddy Sanchez
58.1%
1992Gary Sheffield
54.7%
1990Willie McGee
53.9%
1992Darren Daulton
48.5%
2003Preston Wilson
48.1%
2013Michael Cuddyer
47.2%
1989Ruben Sierra
45.2%
1991Julio Franco
43%

You're not logged in!

Compare scores with friends on all Sporcle quizzes.
OR
Log In

Sporcle TV

Today on Sporcle TV


Watch our educational content, quiz creation guides, and fun videos on Sporcle TV.

Show Comments

Extras

Top Quizzes Today


Score Distribution

Paid Content

Your Account Isn't Verified!

In order to create a playlist on Sporcle, you need to verify the email address you used during registration. Go to your Sporcle Settings to finish the process.

Report this User

Report this user for behavior that violates our Community Guidelines.

Details: